| 000 | 02733cam a2200373 i 4500 | ||
|---|---|---|---|
| 001 | 21697869 | ||
| 003 | OSt | ||
| 005 | 20250610133050.0 | ||
| 008 | 200901s2021 nyua b 001 0 eng | ||
| 010 | _a 2020038142 | ||
| 020 |
_a9781260473896 _q(hardback) |
||
| 020 |
_z9781260473902 _q(ebook) |
||
| 040 |
_aDLC _beng _erda _cDLC _dDLC |
||
| 042 | _apcc | ||
| 050 | 0 | 0 |
_aHG4651 _b.H265 2020 |
| 082 | 0 | 0 |
_a332.632 _bFAB/F |
| 245 | 0 | 4 |
_aThe handbook of fixed income securities / _cedited by Frank J. Fabozzi with the assistance of Francesco A. Fabozzi and Steven V. Mann |
| 250 | _aNinth edition. | ||
| 264 | 1 |
_aNew York : _bMcGraw-Hill Education, _c[2021] |
|
| 300 |
_axxx, 1872 pages : _billustrations ; _c24 cm |
||
| 336 |
_atext _btxt _2rdacontent |
||
| 337 |
_aunmediated _bn _2rdamedia |
||
| 338 |
_avolume _bnc _2rdacarrier |
||
| 504 | _aIncludes bibliographical references and index. | ||
| 520 |
_a"The definitive guide to fixed income securities-updated and revised with everything you need to succeed in today's market For nearly 40 years, The Handbook of Fixed Income Securities has been providing comprehensive, current, reliable information on everything investors like you need to stay on top of the market and ahead of the curve. The fixed income market has changed dramatically in the past decade. This updated classic brings you fully up to date for a much-changed world of finance, where central banks play a bigger role, interest is low (and sometimes even in negative territory), regulations are more complex, and new types of securities have been created. Brand-new chapters cover: Relative value trades Muni analytics Financial data science Building and maintaining a bond portfolio Factor investing Relative value trades Smart beta fixed income Infrastructure and green bonds Sovereign bond markets One of the world's leading experts on fixed income securities, Frank Fabozzi has gathered a peerless team of global experts who provide the newest and best techniques for winning in today's markets. Fixed Income Securities, Ninth Edition is a matchless, one-stop resource for all your professional needs"-- _cProvided by publisher. |
||
| 650 | 0 |
_aBonds _vHandbooks, manuals, etc. |
|
| 650 | 0 |
_aPreferred stocks _vHandbooks, manuals, etc. |
|
| 650 | 0 |
_aMoney market funds _vHandbooks, manuals, etc. |
|
| 650 | 0 |
_aMutual funds _vHandbooks, manuals, etc. |
|
| 650 | 0 |
_aFixed-income securities _vHandbooks, manuals, etc. |
|
| 700 |
_aFabozzi, Frank J _eeditor. _91117 |
||
| 776 | 0 | 8 |
_iOnline version: _tThe handbook of fixed income securities. Ninth edition _dNew York : McGraw-Hill Education, [2020] _z9781260473902 _w(DLC) 2020038143 |
| 942 |
_2ddc _cBK _h332.632 _iFAB/F _k332.632 _mFAB/F |
||
| 999 |
_c44582 _d44582 |
||